План губернского города Витебска

Доступно только в Электронных читальных залах Найти на картеНа карте
RUSMARC
00003730nmc2a2200000 x 450
001ad178d1d-e2db-4555-928c-6f1471163a0c
00520151218173143.0
100##$a20151019l17971801k l0rusy0189 ca
1010#$arus
102##$aRU
2001#$aПлан губернского города Витебска
$j[1797-1801] гг.
251##$cДело
300##$aХудожественные миниатюры
801#0$aRU
$bРГИА
$c20151019
$gRCR
801#1$aRU
$bГлавНИВЦ
$c20151019
$2rusmarc
801#2$aRU
$bПБ им. Б.Н. Ельцина
$c20151218
$gRCR
$2rusmarc
850##$aРГИА
852##$aРГИА
$eФедеральное казенное учреждение "Российский государственный исторический архив" (РГИА)
$j260
937##$hРГИА
$d12154215
$aASBIBLIO_SCAN
462#0$1001dcd89104-8d20-40fa-811e-bb92fb080979
$12001
$aКарты, планы и чертежи Петербургского сенатского архива за 1732-1917 гг.
$1251
$cОпись
$1852
$j1
461#0$1001ac81bd0a-ee7e-4d64-837e-48e7e073b90f
$12001
$aКарты, планы и чертежи Петербургского Сенатского архива (коллекция)
$1251
$cФонд
$1852
$j1399
215##$a1 карта
$d94х125 см
$cплан.; ил.
371##$aДокумент не является опубликованным и широко распространяемым
105##$aea##
1222#$ad
330##$aПлан губернского города Витебска с означением прежнего непроизведенного в действо и ныне вновь положенного проекта
035##$aad178d1d-e2db-4555-928c-6f1471163a0c
Формат отображения